Ο άντρας που κοιτούσε το σκοτάδι
Αποθηκεύτηκε σε:
| Κύριος συγγραφέας: | |
|---|---|
| Άλλοι συγγραφείς: | |
| Μορφή: | Βιβλίο |
| Γλώσσα: | Greek French |
| Δημοσίευση: |
Αθήνα :
Ψυχογιός,
2014.
|
| Θέματα: | |
| Ετικέτες: |
Προσθήκη ετικέτας
Δεν υπάρχουν, Καταχωρήστε ετικέτα πρώτοι!
|
MARC
| LEADER | 00000cam a2200000 a 4500 | ||
|---|---|---|---|
| 001 | 1/121502 | ||
| 008 | 200605t2014####gr | ||| |||| ||gre|| | ||
| 020 | |a 9786180104950 | ||
| 040 | |a GR-MyUa |b gre |c GR-MyUa |e AACR2 | ||
| 041 | 1 | |a gre |h fre | |
| 082 | 7 | |a 843 |2 (23) | |
| 100 | 1 | |a Sinoue, Gilbert, |d 1947- | |
| 245 | 1 | 2 | |a Ο άντρας που κοιτούσε το σκοτάδι / |c Ζιλμπέρ Σινουέ ; μετάφραση Βασιλική Κοκκίνου. |
| 260 | |a Αθήνα : |b Ψυχογιός, |c 2014. | ||
| 300 | |a 292, [10] σ. ; |c 21 εκ. | ||
| 500 | |a Τίτλος πρωτοτύπου: L'homme qui regardait la nuit. | ||
| 650 | 0 | |a French fiction. | |
| 700 | 1 | |a Κοκκίνου, Βασιλική, |e trlf | |
| 852 | |a INST |b SAMOS |e 20200605 |h 843 SIN |p 005300046458 |q 005300046458 |t BK |y 0 | ||
| 920 | |a Τραγάκη |b Ζαφειρούλα |y Σάμος |z 2019-04 | ||
| 970 | |a Φιλιππή |b Φάλη |z 05-06-2020 | ||